LEADER 01200nam a2200229 i 4500 001 000000009104 003 CaOOAMICUS 005 20250903121817.0 008 180830s2003 be u000 u lat u 040 $aSeMil$bita 100 0 $aLucas : Tudensis,$d.$0(OLS)http://semarc/name/4514 245 10$aLucae Tudensis Opera omnia /$ccura et studio Emma Falque. 260 $aTurnhout :$bBrepols,$c2003-2009. 300 $a2 v. ;$c25 cm. 500 $aTesto latino, introduzione e commento in spagnolo. 700 1 $aFalque Rey, Emma.$0(OLS)http://semarc/name/4515 774 0 $aLucas : Tudensis $t1: Lucae Tudensis Chronicon mundi.$dTurnhout : Brepols, 2003.$kCorpus Christianorum. Continuatio Mediaevalis$z2-503-03741-0$g1$w()82819 774 0 $aLucas : Tudensis $t2: Lucae Tudensis De altera vita.$dTurnhout : Brepols, 2009.$kCorpus Christianorum. Continuatio Mediaevalis$z978-2-503-53051-2$g2$w()182140 830 0$aCorpus Christianorum. Continuatio Mediaevalis.$0(OLS)http://semarc/title/35 996 $6245$aLucae Tudensis Opera omnia$9(OLS)http://semarc/title/12017 996 $6260$aTurnhout :$bBrepols$9(OLS)http://semarc/publisher/29626 LEADER 01140nam a2200241 i 4500 001 000000036143 003 CaOOAMICUS 005 20090225000000.0 008 090225s1989 it u000 u ita u 013 $a5276 020 $a8876526005 040 $aSeMil$bita 100 1 $aO'Farrell, Frank .$0(OLS)http://semarc/name/16988 245 10$aPer leggere la Critica della Ragion pura di Kant :$bla Critica della Ragione pura pensata come risposte e domande /$cFrank O'Farrell. 260 $aRoma :$bPontificia Università Gregoriana,$c1989. 300 $a330 p. ;$c21 cm. 650 4$aKant, Immanuel <1724-1804> . Kritik der reinen Vernunft.$0(OLS)http://semarc/subject/614 850 $aSeMil 852 $aSeMil$W1$xVenegono$y1$m2P V 495$j2298$B2298$CSeMilBibl$Z2$F2298 $81 961 $aAcquisto: Casa editrice 996 $6020$a8876526005$9(OLS)http://semarc/number/4648 996 $6245$aPer leggere la Critica della Ragion pura di Kant :$bla Critica della Ragione pura pensata come risposte e domande$9(OLS)http://semarc/title/49860 996 $6260$aRoma :$bPontificia Università Gregoriana$9(OLS)http://semarc/publisher/29750